[Event "HUN-chT2 Szechenyi 0203"]
[Site "Hungary"]
[Date "2003.01.19"]
[Round "5"]
[White "Mak, Balazs"]
[Black "Badics, Milan"]
[Result "1-0"]
[WhiteElo "1585"]
[BlackElo "1685"]
[PlyCount "103"]
[EventDate "2002.09.22"]
[EventType "team"]
[EventRounds "11"]
[EventCountry "HUN"]
[SourceTitle "EXT 2009"]
[Source "ChessBase"]
[SourceDate "2008.11.26"]
[SourceVersion "1"]
[SourceVersionDate "2008.11.26"]
[SourceQuality "1"]

1. e4 e5 2. Nf3 Nc6 3. Bb5 a6 4. Ba4 d6 5. d4 exd4 6. Nxd4 Bd7 7. Nxc6 Bxc6 8. Bxc6+ bxc6 9. Nc3 Nf6 10. Bg5 Be7 11. Qf3 0-0 12. 0-0-0 Nd7 13. Bxe7 Qxe7 14. h4 Rfb8 15. g4 a5 16. Qe2 a4 17. f4 a3 18. b3 Nc5 19. g5 Rb4 20. Rde1 Rd8 21. h5 d5 22. exd5 Qxe2 23. Rxe2 Rxf4 24. dxc6 Ne6 25. Nb5 Rf5 26. Nxa3 Rxg5 27. Re4 Rc5 28. Rc4 Rcd5 29. Nb1 Rd4 30. Rh4 Rxh4 31. Rxh4 Rd6 32. Rc4 f5 33. b4 Rd4 34. Nd2 Rxc4 35. Nxc4 Nd4 36. Ne5 Kf8 37. Kd2 Ke7 38. c3 Ne6 39. a4 Nf4 40. a5 Nd5 41. a6 Nb6 42. Nd7 Na8 43. Kd3 Kd6 44. b5 g5 45. c4 g4 46. Ke3 g3 47. Kf3 f4 48. c5+ Kd5 49. b6 cxb6 50. cxb6 Nxb6 51. Nxb6+ Kxc6 52. a7 1-0